Non-Linear Monetary Policy Modelling with Government Debt as a Threshold: The Case of the Czech Republic.

Analýza problému do do akej miery môže byť menová politika obmedzovaná vývojom zadĺženosti štátu. Pri analýze bol použitý model prahovej vektorovej autoregresie (TVAR), ktorý zachytáva možné asymetrie vo vzťahu medzi menovou politikou a reálnou ekonomikou.

Guardado en:
Detalles Bibliográficos
Autor principal: Bikár, Miloš, 1973-
Otros Autores: Hodula, Martin
Formato: Capítulo de libro
Lenguaje:inglés
Materias:
Etiquetas: Agregar Etiqueta
Sin Etiquetas, Sea el primero en etiquetar este registro!

MARC

LEADER 00000naa a2200000 4500
001 0245637
005 20240502073943.4
041 0 |a eng 
044 |a SK 
245 1 0 |a Non-Linear Monetary Policy Modelling with Government Debt as a Threshold: The Case of the Czech Republic.  |c Miloš Bikár, Martin Hodula 
520 |a Analýza problému do do akej miery môže byť menová politika obmedzovaná vývojom zadĺženosti štátu. Pri analýze bol použitý model prahovej vektorovej autoregresie (TVAR), ktorý zachytáva možné asymetrie vo vzťahu medzi menovou politikou a reálnou ekonomikou. 
610 2 0 |a politika menová 
610 2 0 |a Česko 
610 2 0 |a dlhy štátne 
610 2 0 |a modely nelineárne 
610 2 0 |a modelovanie pravdepodobnostné 
100 1 |a Bikár, Miloš, 1973- 
700 1 |a Hodula, Martin